zpět

Detail výsledku týmu

Pivovarský Dvůr PO, Liberec

Datum a čas kvízu

19.5 Celkem bodů Celkový počet nahraných bodů na tomto kvízu bez doplňovacích otázek.
13. Pořadí na kvízu Konečné umístění týmu na tomto kvízu.

Zaznamenané odpovědi

# Otázka Odpověď Body Výsledky
1. Ministerstvo dopravy od března... 200 Kč 0
2. Jeden z vystupujících v opeře... spadly mu kalhoty 0
3. Známý americký herec, držitel... Robert de Niro 0
4. Poslední dny se diskutuje o ch... CBD 1
5. Která třicetiletá sportovkyně... Eva Adamczyková (Samková) 1
6. V tomto tématu jsme se probral... bod: D – v hospodě, půlbod: B – na stadionu 1
7. Podle čeho poznáte, že jste po... bod: C – oděv, půlbod: B – líčení 1
8. Co udělá vášnivý kuřák, když m... bod: C – koupí si jiné, půlbod: A – hledá nedopalky 0
9. Co si berete do postele, když... bod: C – pes, půlbod: D – dítě 0
10. Co děláte v práci, když je šéf... bod: A – normálně pracuji, půlbod: C – nic, flákám se 0